000 01013 a2200169 4500
003 Nust
005 20221227113627.0
040 _cNust
082 _a355.02,AKR
100 _a Akram, A. I.
_944797
245 _aThe Muslim conquest of Spain /
_cLt Gen. A. I. Akram
260 _aArmy Education press
_bRawalpindi
_c2001
300 _a247,p.;
505 _aThe Generals (Page-1), The Daughter of the count (Page-12), Spain before Islam (Page-25), The Crossing of the Strait (Page-41), The Move to Battle (Page-63), The Battle of the river Barbate (Page-63), Deeper into Spain (Page-81), The Christians and the Jews (Page-120), The Coming of Musa (Page-131), The Rest of Southern Spain (Page-151), The Table of Solomon (Page-162), The Conquest of the North (Page-171), The Return of the Generals (Page-186), Judgment at Damascus (Page-195), The Sons of Musa (Page-205), The End Of Generals (Page-214), Islam in Spain (Page-226).
650 _aThe Muslim conquest of Spain
_9106019
942 _2ddc
_cBK
_k355.02,AKR
999 _c185112
_d185112